<?xml version="1.0" encoding="UTF-8"?>
<collection xmlns="http://www.loc.gov/MARC21/slim">
<record>
  <controlfield tag="001">101637</controlfield>
  <controlfield tag="005">20240614091132.0</controlfield>
  <datafield tag="024" ind1="7" ind2=" ">
    <subfield code="2">doi</subfield>
    <subfield code="a">10.21902/revistajur.2316-753X.v3i60.5112</subfield>
  </datafield>
  <datafield tag="024" ind1="8" ind2=" ">
    <subfield code="2">sideral</subfield>
    <subfield code="a">124047</subfield>
  </datafield>
  <datafield tag="037" ind1=" " ind2=" ">
    <subfield code="a">ART-2020-124047</subfield>
  </datafield>
  <datafield tag="041" ind1=" " ind2=" ">
    <subfield code="a">spa</subfield>
  </datafield>
  <datafield tag="100" ind1=" " ind2=" ">
    <subfield code="a">Gónzalez-Varas Ibáñez, Alejandro</subfield>
    <subfield code="u">Universidad de Zaragoza</subfield>
    <subfield code="0">(orcid)0000-0001-8815-2102</subfield>
  </datafield>
  <datafield tag="245" ind1=" " ind2=" ">
    <subfield code="a">Globalización y nuevos actores en tiempos de crisis</subfield>
  </datafield>
  <datafield tag="260" ind1=" " ind2=" ">
    <subfield code="c">2020</subfield>
  </datafield>
  <datafield tag="506" ind1="0" ind2=" ">
    <subfield code="a">Access copy available to the general public</subfield>
    <subfield code="f">Unrestricted</subfield>
  </datafield>
  <datafield tag="520" ind1="3" ind2=" ">
    <subfield code="a">Objetivo: El artículo tiene como objetivo analizar la proyección de la soberanía constitucional cooperativa en la esfera interna de los Estados y en el orden internacional de la sociedad contemporánea de riesgo e información, teniendo como preocupación la efectividad de los derechos humanos o fundamentales (o ambos), para cuestionar la experiencia democrática en uno y otro orden.

Metodología: Parte de una visión crítica de la realidad expuesta, teniendo la doctrina contemporánea mencionada como marco teórico, al adoptar el método deductivo, con el apoyo de la exploración bibliográfica y documental como técnica de aproximación, para probar las premisas planteadas y alcanzar los objetivos propuestos.

Resultados: Bordea, en este contexto, la pérdida del monopolio de creación y aplicación normativa con la exsurgencia de nuevos polos que definen el contenido (perjudiciales y benignos), que conducen a cambios profundos, tanto en el plan interno como externo, donde el desempeño de los más variados agentes – entre ellos, y aún centralmente, el Estado – se basa en operaciones transjuncionales que marcan la hipertrofia de los sistemas económicos y políticos en detrimento de la autonomía del sistema jurídico, que se erige en perjuicio de la efectividad de los derechos humanos o fundamentales (o ambos).

Contribuiciones: El estudio señala, según la metodología adoptada, por la soberana función de integración sistémica de la Constitución que se presentaría, hoy por hoy, como un espacio normativo destinado a permitir una sana interreferencia entre los sistemas jurídicos, políticos y económicos, a fin de tener, en conclusión, un canal heterárquico y cooperativo de ecualización de intereses recíprocos en el concierto democrático.

Palabras clave: Soberanía Constitucional Cooperativa. Órdenes Democráticas Internas e Internacionales. Efectividad de los Derechos Humanos/Fundamentales. Sistemas Políticos, Económicos y Legales. Sociedad de Riesgos e Información.</subfield>
  </datafield>
  <datafield tag="540" ind1=" " ind2=" ">
    <subfield code="9">info:eu-repo/semantics/openAccess</subfield>
    <subfield code="a">by-nc</subfield>
    <subfield code="u">http://creativecommons.org/licenses/by-nc/3.0/es/</subfield>
  </datafield>
  <datafield tag="655" ind1=" " ind2="4">
    <subfield code="a">info:eu-repo/semantics/article</subfield>
    <subfield code="v">info:eu-repo/semantics/publishedVersion</subfield>
  </datafield>
  <datafield tag="710" ind1="2" ind2=" ">
    <subfield code="1">4005</subfield>
    <subfield code="2">145</subfield>
    <subfield code="a">Universidad de Zaragoza</subfield>
    <subfield code="b">Dpto. Derecho Público</subfield>
    <subfield code="c">Área Dcho.Eclesiástico Estado</subfield>
  </datafield>
  <datafield tag="773" ind1=" " ind2=" ">
    <subfield code="g">3, 60 (2020), 752-791</subfield>
    <subfield code="t">Revista Juridica (Curitiba)</subfield>
    <subfield code="x">0103-3506</subfield>
  </datafield>
  <datafield tag="856" ind1="4" ind2=" ">
    <subfield code="s">505270</subfield>
    <subfield code="u">http://zaguan.unizar.es/record/101637/files/texto_completo.pdf</subfield>
    <subfield code="y">Versión publicada</subfield>
  </datafield>
  <datafield tag="856" ind1="4" ind2=" ">
    <subfield code="s">1939332</subfield>
    <subfield code="u">http://zaguan.unizar.es/record/101637/files/texto_completo.jpg?subformat=icon</subfield>
    <subfield code="x">icon</subfield>
    <subfield code="y">Versión publicada</subfield>
  </datafield>
  <datafield tag="909" ind1="C" ind2="O">
    <subfield code="o">oai:zaguan.unizar.es:101637</subfield>
    <subfield code="p">articulos</subfield>
    <subfield code="p">driver</subfield>
  </datafield>
  <datafield tag="951" ind1=" " ind2=" ">
    <subfield code="a">2024-06-14-09:07:54</subfield>
  </datafield>
  <datafield tag="980" ind1=" " ind2=" ">
    <subfield code="a">ARTICLE</subfield>
  </datafield>
</record>
</collection>